Statistiken für Länder, die an Brasilien grenzen

Klicken Sie hier um das Quiz zu spielen!

Allgemein

  • Dieses Quiz wurde 1,221 mal gespielt
  • Das Durchschnittsergebnis liegt bei 9 aus 10

Antwortstatistiken

Länge (km) Land % Korrekt
1'261Argentinien
99%
2'995Peru
98%
1'365Paraguay
98%
1'068Uruguay
98%
3'423Bolivien
96%
2'200Venezuela
96%
1'644Kolumbien
96%
593Suriname
93%
1'606Guyana
92%
730Frankreich (Französisch-Guayana)
80%

Verteilung der Resultate

Perzentil nach korrekt beantworteten Fragen

Anzahl Personen mit jedem Resultat

Ihre Resultats-Entwicklung

Sie haben dieses Quiz noch nicht gespielt